Central Library OPAC University of Rajshahi

An introduction to the mathematics of medicine and biology / (Record no. 7088)

MARC details
000 -LEADER
fixed length control field 00970cam a2200313 a 4500
001 - CONTROL NUMBER
control field 7088
003 - CONTROL NUMBER IDENTIFIER
rucl marc code BD-RjUL
005 - DATE AND TIME OF LATEST TRANSACTION
control field 20211208234349.0
008 - FIXED-LENGTH DATA ELEMENTS--GENERAL INFORMATION
fixed length control field 14 t19731960ne a 001 0 eng
035 ## - SYSTEM CONTROL NUMBER
System control number (OCoLC)1813283
System control number (BD-RjUL)7130
040 ## - CATALOGING SOURCE
Original cataloging agency DLC
Transcribing agency FMU
Modifying agency ViNE
-- *UKM*
-- MoKL
-- CStRLIN
-- BD-RjUL
Language of cataloging eng
041 ## - LANGUAGE CODE
Language code of text/sound track or separate title eng
060 ## - NATIONAL LIBRARY OF MEDICINE CALL NUMBER
Classification number QA 37 D313i 1960
082 00 - DEWEY DECIMAL CLASSIFICATION NUMBER
Classification number 510
Edition number 23
Author mark and year DEI 1973
090 ## - LOCALLY ASSIGNED LC-TYPE CALL NUMBER (OCLC); LOCAL CALL NUMBER (OCLC)
Classification number (OCLC) (R) ; Classification number, CALL (RLIN) (NR) QA37
Local cutter number (OCLC) ; Book number/undivided call number, CALL (RLIN) .D4 1960
100 1# - MAIN ENTRY--PERSONAL NAME
Personal name Defares, J. G.
9 (RLIN) 22200
245 13 - TITLE STATEMENT
Title An introduction to the mathematics of medicine and biology /
Statement of responsibility, etc. by J.G. Defares and I.N. Sneddon.
260 ## - PUBLICATION, DISTRIBUTION, ETC. (IMPRINT)
Place of publication, distribution, etc. Amsterdam :
Name of publisher, distributor, etc. North-Holland,
Date of publication, distribution, etc. 1973.
300 ## - PHYSICAL DESCRIPTION
Pagination xii, 663 p. :
Illustrations ill. ;
Size 23 cm.
504 ## - BIBLIOGRAPHY, ETC. NOTE
Bibliography, etc Includes index.
650 #0 - SUBJECT ADDED ENTRY--TOPICAL TERM
Topical term or geographic name as entry element Mathematics.
9 (RLIN) 22201
Topical term or geographic name as entry element Biomathematics.
9 (RLIN) 20804
Topical term or geographic name as entry element Medicine
Form subdivision Mathematics
9 (RLIN) 223609
700 1# - ADDED ENTRY--PERSONAL NAME
Personal name Sneddon, Ian Naismith.
942 ## - ADDED ENTRY ELEMENTS (KOHA)
Source of classification or shelving scheme Dewey Decimal Classification
Koha item type Books
Holdings
Lost status Source of classification or shelving scheme Damaged status Not for loan Collection code Permanent Location Current Location Date acquired Source of acquisition Total Checkouts Full call number Date last seen Copy number Koha item type Shelving location Cost, normal purchase price
  Dewey Decimal Classification     Non-fiction Central Library, University of Rajshahi Central Library, University of Rajshahi 07/04/1979 Netherland   510 DEI 1973 13/01/2014 C-3 Books    
  Dewey Decimal Classification     Non-fiction Central Library, University of Rajshahi Central Library, University of Rajshahi 07/04/1979 Netherland   510 DEI 1973 27/08/2016 C-2 Books    
  Dewey Decimal Classification   Not For Loan Non-fiction Central Library, University of Rajshahi Central Library, University of Rajshahi 09/12/1967 Netherland   510 DEI 1964 22/03/2017 C-1 Books Reading Room 88.00